000 00581cab a2200205 4500
001 WB3236-44
008 090401t1996 xxu||||| |||| 00| 0 eng d
035 _a(Sirsi) u8111
041 _aeng
245 _aFoundry sand and landfill tax
260 _c1996
350 _a0
490 _aHM Customs and Excise News Release
_v48/96 18 September 1996 (1)
520 _aCustoms and Excise has announced that foundry sand will attract a lower rate of landfill tax.
650 _aFOUNDRY SAND
650 _aLANDFILL TAX
690 _aTAXATION
942 _n0
948 _c04/03/1997
999 _c4947
_d4947